|
|
|
|
| LEADER |
00000nam a2200000 a 4500 |
| 001 |
vtls001438120 |
| 003 |
SK-MaSNL |
| 005 |
20260301103725.0 |
| 008 |
180815s1980 xo a r y 0 slo |
| 035 |
|
|
|a SNK000393250
|
| 040 |
|
|
|a SNK
|b slo
|c SNK
|e AACR2
|
| 041 |
0 |
|
|a slo
|
| 044 |
|
|
|a xo
|c SK
|
| 080 |
|
|
|a 908.437.623(083.9)
|2 1981
|
| 110 |
0 |
|
|a Mesto Nové Zámky, Slovensko
|4 aut
|9 441376
|
| 245 |
1 |
|
|a Okres Nové Zámky. Československo
|
| 260 |
|
|
|a [Nové Zámky]
|b s.n.
|c [1980]
|
| 300 |
|
|
|a 1 skladačky [12] s.
|b fareb. fotogr., mp.
|c 23 cm
|
| 651 |
|
7 |
|a 404
|2 SNK
|9 296361
|
| 651 |
|
7 |
|a Nové Zámky (Slovensko : okres)
|2 SNK
|9 15958
|
| 655 |
|
7 |
|a prospekty
|2 SNK
|9 62175
|
| 958 |
|
|
|a OND
|
| 958 |
|
|
|a TL
|
| 999 |
|
|
|c 696039
|d 697969
|
| 952 |
|
|
|t P60, <03>, [BOOK], {603}
|a SNK
|b SNK
|y PREZ
|7 0
|p 17A0352881
|o snkOSC 21709
|i snkK 671/2002
|0 0
|1 0
|4 0
|d 2002-07-22
|l 0
|r 2005-01-02 00:00:00
|w 2026-02-23
|